| 000 | 01333cam a2200373 a 4500 | ||
|---|---|---|---|
| 001 | 14773085 | ||
| 003 | OSt | ||
| 005 | 20140310181722.0 | ||
| 008 | 070319s2007 maua 001 0 eng | ||
| 010 | _a 2007010706 | ||
| 015 |
_aGBA710373 _2bnb |
||
| 016 | 7 |
_a013661187 _2Uk |
|
| 020 | _a9781422114940 (pbk. : alk. paper) | ||
| 020 | _a1422114945 | ||
| 035 | _a(OCoLC)ocm82672176 | ||
| 035 | _a(OCoLC)82672176 | ||
| 040 |
_aDLC _cDLC _dYDX _dUKM _dBAKER _dBTCTA _dYDXCP _dDLC |
||
| 050 | 0 | 0 |
_aHD 57.7 _b.H38736 2007 |
| 082 | 0 | 0 |
_aIB 658.4 _bH26t 2007 |
| 100 | _aHill, Linda | ||
| 245 | 0 | 0 |
_aHarvard business review on the tests of a leader / _bLinda Hill, et. al. |
| 260 |
_aBoston, Massachusetts : _bHarvard Business School Publishing Corporation, _c2007. |
||
| 300 |
_avii, 195 p. : _bill. ; _c21 cm. |
||
| 490 | 0 | _aThe Harvard business review paperback series | |
| 650 | 0 | _aLeadership. | |
| 650 | 0 | _aExecutive ability. | |
| 650 | 0 | _aManagement. | |
| 730 | 0 | _aHarvard business review. | |
| 856 | 4 | 1 |
_3Table of contents only _uhttp://www.loc.gov/catdir/toc/ecip0713/2007010706.html |
| 906 |
_a7 _bcbc _corignew _d1 _eecip _f20 _gy-gencatlg |
||
| 942 |
_2lcc _cBK |
||
| 999 |
_c2046 _d2046 |
||